Films & Séries - Statistiques

Statistiques générales
  • Ce quiz a été pris 125 fois
  • Le résultat moyen est 9 sur 16
Statistiques - réponses
Par images Réponse % Correct
Squid Game
86%
Friends
84%
La Casa de Papel
79%
Titanic
78%
Lucifer
77%
Mission Impossible
64%
Star Wars
63%
Stranger Things
57%
Breaking Bad
54%
The Vampire Diaries
54%
Mercredi
51%
Forrest Gump
50%
Rambo
44%
Jurassic World
36%
Expendables
19%
Alien
14%
Aucun quiz correspondant
Distribution des résultats
% des personnes avec chaque résultat
Percentile par nombre de réponses
Votre historique - résultats
Vous n’avez pas pris ce quiz